[Event "Deltalift op"]
[Site "Tylosand"]
[Date "2017.05.25"]
[Round "3"]
[White "Gajic, Mladen"]
[Black "Alsaied Ali, Firas"]
[Result "1-0"]
[WhiteElo "2296"]
[BlackElo "1895"]
[PlyCount "147"]
[EventDate "2017.05.25"]
[EventType "swiss"]
[EventRounds "8"]
[EventCountry "SWE"]
[SourceTitle "CBM 178 Extra"]
[Source "ChessBase"]
[SourceDate "2017.06.22"]
[SourceVersion "1"]
[SourceVersionDate "2017.06.22"]
[SourceQuality "1"]

1. d4 Nf6 2. Bg5 e6 3. e4 h6 4. Bxf6 Qxf6 5. Nc3 Bb4 6. e5 Bxc3+ 7. bxc3 Qe7 8. Bd3 d6 9. f4 Qh4+ 10. g3 Qe7 11. Qg4 g6 12. h4 h5 13. Qe2 d5 14. Nf3 Nd7 15. c4 Qb4+ 16. Kf2 dxc4 17. Bxc4 Nb6 18. Bd3 Bd7 19. c4 Bc6 20. Rhb1 Qe7 21. Ng5 Rd8 22. c5 Nd5 23. Qc2 Rg8 24. a4 a6 25. Be4 Rg7 26. Ra3 Qd7 27. Bf3 Qe7 28. Ne4 Kf8 29. Rd1 Kg8 30. Qb2 Rd7 31. Nd2 Qd8 32. Ne4 Qe7 33. Ng5 Kh8 34. Rh1 Qd8 35. Rd3 Qe7 36. a5 Bb5 37. Rdd1 c6 38. Qd2 f6 39. Ne4 fxe5 40. dxe5 Qe8 41. Nd6 Qf8 42. Bxd5 cxd5 43. Qd4 Bc6 44. Rb1 Kh7 45. Rb6 Kh6 46. Ke3 Rge7 47. Rhb1 Qg7 48. R6b4 Kh7 49. Rg1 Qh6 50. Rb2 Rd8 51. Rgg2 Rg8 52. Rb6 Rgg7 53. Rgb2 Kh8 54. R2b4 Kh7 55. Qd3 Kh8 56. Rxc6 bxc6 57. Qxa6 g5 58. hxg5 Qg6 59. Rb8+ Kh7 60. Qe2 Ra7 61. a6 Rgd7 62. Kd4 Kg7 63. Ne8+ Kf7 64. Nf6 Re7 65. Rb6 Rec7 66. Nxh5 Ra8 67. Nf6 Raa7 68. Qb2 Qf5 69. Qh2 Qg6 70. Qh8 Re7 71. Rb8 Qg7 72. Rf8+ Qxf8 73. Qh5+ Kg7 74. Qh7# 1-0

[Event "Vaxjo op"]
[Site "Vaxjo"]
[Date "2016.02.19"]
[Round "1"]
[White "Alsaied Ali, Firas"]
[Black "Akesson, Ralf"]
[Result "0-1"]
[WhiteElo "1841"]
[BlackElo "2423"]
[PlyCount "96"]
[EventDate "2016.02.19"]
[EventType "swiss"]
[EventRounds "8"]
[EventCountry "SWE"]
[SourceTitle "CBM 170 Extra"]
[Source "ChessBase"]
[SourceDate "2016.02.25"]
[SourceVersion "1"]
[SourceVersionDate "2016.02.25"]
[SourceQuality "1"]

1. Nf3 Nf6 2. b3 d6 3. Bb2 e5 4. d3 g6 5. e4 Bg7 6. Be2 0-0 7. h3 c6 8. Nbd2 Re8 9. 0-0 Nbd7 10. Re1 d5 11. Bf1 d4 12. a4 Nh5 13. Nc4 Qc7 14. Bc1 b5 15. Nb2 Nf8 16. Bd2 Ne6 17. Kh2 Bd7 18. g3 a6 19. Bg2 f6 20. Ng1 Bf8 21. Qe2 Bd6 22. Bf3 Nhg7 23. Bg2 Red8 24. Nd1 c5 25. f3 bxa4 26. bxa4 Rab8 27. Nf2 Rb2 28. Qd1 Rdb8 29. Bc1 R2b4 30. a5 Rb1 31. Rxb1 Rxb1 32. Qd2 c4 33. Ng4 Nh5 34. Nh6+ Kf8 35. Nf5 Bb4 36. Qh6+ Kg8 37. Rf1 Bf8 38. Qd2 gxf5 39. exf5 c3 40. Qe2 Neg7 41. g4 Nf4 42. Bxf4 Rxf1 43. Qxf1 exf4 44. Ne2 Qe5 45. Qf2 Bc5 46. Nc1 Qe3 47. Qf1 Ba4 48. Qd1 Qd2 0-1

[Event "Vaxjo op"]
[Site "Vaxjo"]
[Date "2015.02.14"]
[Round "5"]
[White "Alsaied Ali, Firas"]
[Black "Petersson, Kjell"]
[Result "1-0"]
[WhiteElo "1691"]
[BlackElo "2148"]
[PlyCount "83"]
[EventDate "2015.02.13"]
[EventType "swiss"]
[EventRounds "8"]
[EventCountry "SWE"]
[SourceTitle "CBM 164 Extra"]
[Source "ChessBase"]
[SourceDate "2015.03.02"]
[SourceVersion "1"]
[SourceVersionDate "2015.03.02"]
[SourceQuality "1"]

1. e4 c5 2. Nf3 d6 3. Bc4 Nf6 4. d3 g6 5. Bg5 Bg7 6. h3 Nc6 7. a3 h6 8. Be3 a6 9. Nbd2 b5 10. Ba2 Bb7 11. c3 0-0 12. 0-0 a5 13. Nh4 Kh7 14. f4 b4 15. Qc2 a4 16. axb4 cxb4 17. Bc4 Qa5 18. d4 d5 19. Bd3 Ba6 20. e5 Ne4 21. Nxe4 Bxd3 22. Qxd3 dxe4 23. Qxe4 bxc3 24. bxc3 Nd8 25. f5 Ra6 26. fxg6+ fxg6 27. Rxf8 Bxf8 28. d5 Qxc3 29. Bd4 Qd2 30. e6 Qg5 31. Rf1 Bg7 32. Bxg7 Kxg7 33. Qd4+ Kh7 34. Rf8 Qc1+ 35. Kh2 Qc7+ 36. g3 Qc2+ 37. Rf2 Qb1 38. Rf8 Qc2+ 39. Ng2 g5 40. Rh8+ Kg6 41. Rg8+ Kf5 42. g4# 1-0